A Link between science and applications of automatic control

Đã lưu trong:
书目详细资料
格式: 图书
语言:Undetermined
出版: Oxford Pergamon Press 1979
主题:
标签: 添加标签
没有标签, 成为第一个标记此记录!
Thư viện lưu trữ: Trung tâm Học liệu Trường Đại học Cần Thơ
LEADER 00477nam a2200169Ia 4500
001 CTU_83016
008 210402s9999 xx 000 0 und d
082 |a 629.8 
082 |b L756/Vol.4 
245 2 |a A Link between science and applications of automatic control 
260 |a Oxford 
260 |b Pergamon Press 
260 |c 1979 
650 |a Automatic control 
650 |x Congresses 
904 |i QHieu(sửa) 
980 |a Trung tâm Học liệu Trường Đại học Cần Thơ